000 00524nam a2200181Ia 4500
003 GCL
008 140319s9999 xx 000 0 ara d
040 _aGCL /
_cGCL
082 0 4 _a412
_bم ا
100 1 _aمحمود فهمى حجازى
245 1 0 _aالاسس اللغوية لعلم المصطلحات /
_cمحمود فهمى حجازى
260 _a[S.N] :
_bمكتبة غريب ،
_c1993
300 _a258 ص
490 _a
650 0 4 _aاللغة العربية
650 0 4 _aمصطلحات
942 _2ddc
_cBK
999 _c32413
_d32413